000 00433nam a22001697a 4500
003 OSt
005 20260127053144.0
008 260127b |||||||| |||| 00| 0 eng d
020 _a978-0-439-02351-1
040 _aDWCL-Main Lib
_cOC
082 _aFic. C712c 2009
100 _aCollins, Suzanne
245 _aMockingjay
260 _aNew York :
_b Scholastic press,
_cc2010
300 _a390 p. :
_c22 cm.
942 _2ddc
_cFIC.
_mFic.
_n0
999 _c7863
_d7863